[Event "Reykjavik op"]
[Site "Reykjavik"]
[Date "2024.03.20"]
[Round "8"]
[White "Magnussen, Petur Gardar"]
[Black "Skjoldebrand, Martin"]
[Result "0-1"]
[WhiteElo "1727"]
[BlackElo "1884"]
[PlyCount "88"]
[EventDate "2024.03.15"]
[EventType "swiss"]
[EventRounds "9"]
[EventCountry "ISL"]
[SourceTitle "CB13_2024"]
[SourceDate "2024.03.27"]
[SourceVersion "1"]
[SourceVersionDate "2024.03.27"]
[SourceQuality "1"]

1. e4 c5 2. c3 e6 3. d4 d5 4. exd5 Qxd5 5. Nf3 Nc6 6. Be2 Nf6 7. 0-0 Be7 8. b3 0-0 9. Bb2 Rd8 10. Qc2 cxd4 11. Nxd4 e5 12. Nxc6 Qxc6 13. Nd2 Be6 14. Bf3 Bd5 15. Rfe1 Bd6 16. c4 Re8 17. Rac1 Bxf3 18. Nxf3 e4 19. Nd4 Qc5 20. Nb5 Bf4 21. Rcd1 Qh5 22. h3 e3 23. Bxf6 exf2+ 24. Kxf2 gxf6 25. Kg1 Qh4 26. Qc3 Rad8 27. Rxd8 Rxd8 28. Rf1 Be5 29. Qf3 a6 30. Na3 Rd2 31. Qxb7 Rxa2 32. Nb1 Qg3 33. Qc8+ Kg7 34. Qg4+ Qxg4 35. hxg4 Rb2 36. Na3 Rxb3 37. Nc2 Rc3 38. Nb4 a5 39. Nc6 a4 40. g5 Rxc4 41. gxf6+ Bxf6 42. Na5 Rc3 43. Ra1 a3 44. Nb7 Rb3 0-1